|
|
|
|
| LEADER |
00000nam0a2200000 4500 |
| 001 |
271748 |
| 005 |
20231101234451.0 |
| 035 |
|
|
|a (RuTPU)RU\TPU\book\294950
|
| 090 |
|
|
|a 271748
|
| 100 |
|
|
|a 20141010d1987 km y0rusy50 ca
|
| 101 |
0 |
|
|a rus
|
| 102 |
|
|
|a RU
|
| 105 |
|
|
|a a z 001zy
|
| 200 |
1 |
|
|a Наладка и настройка систем регулирования паровых турбин
|f Ф. Ф. Альбицкий
|
| 210 |
|
|
|a Москва
|c Энергоатомиздат
|d 1987
|
| 215 |
|
|
|a 88 с.
|c ил.
|
| 320 |
|
|
|a Библиогр.: с. 85
|
| 606 |
1 |
|
|a Паровые турбины
|2 stltpush
|3 (RuTPU)RU\TPU\subj\74182
|9 86661
|
| 610 |
1 |
|
|a наладка
|
| 610 |
1 |
|
|a настройка
|
| 610 |
1 |
|
|a системы регулирования
|
| 610 |
1 |
|
|a гидравлические связи
|
| 610 |
1 |
|
|a регуляторы
|
| 610 |
1 |
|
|a испытания
|
| 610 |
1 |
|
|a нагрузки
|
| 610 |
1 |
|
|a схемы защиты
|
| 675 |
|
|
|a 621.165
|v 4
|
| 700 |
|
1 |
|a Альбицкий
|b Ф. Ф.
|g Федор Федорович
|
| 801 |
|
1 |
|a RU
|b 63413507
|c 20141010
|
| 801 |
|
2 |
|a RU
|b 63413507
|c 20170314
|g RCR
|
| 942 |
|
|
|c BK
|